| 000 | 00708nam a2200229Ia 4500 | ||
|---|---|---|---|
| 005 | 20260429111859.0 | ||
| 008 | 260429s9999||||xx |||||||||||||| ||und|| | ||
| 020 | _a9780803954625 | ||
| 041 | _aEnglish | ||
| 082 |
_a384.55 _bSTR |
||
| 100 | _aStraubhaar, Joseph D. | ||
| 245 | 0 |
_aWorld television, from global to local : _bfrom global to local / _cJoseph D. Straubhaar |
|
| 260 |
_aLondon : _bSage Publications Ltd, _c2007. |
||
| 300 | _axvi, A-2 p.; hb | ||
| 650 | _a Global communication | ||
| 650 | _a International broadcasting | ||
| 650 | _a Mass media | ||
| 650 | _a Media globalization | ||
| 650 | _a Television studies (ResearchGate) | ||
| 650 | _aTelevision broadcasting | ||
| 942 | _cTB | ||
| 999 |
_c51253 _d51253 |
||